| 000 | 01225njm a22002897a 4500 | ||
|---|---|---|---|
| 005 | 20100914120311.0 | ||
| 006 | a|||||r|||||00| 0 | ||
| 007 | sd ammalaaahaa | ||
| 008 | 100910t xxu||||| |||| 00| 0 eng d | ||
| 028 |
_a7EPE 7168 _bHis Master's Voice |
||
| 035 | _aGR-02439 | ||
| 040 |
_aSED _cSED |
||
| 100 |
_aChanchal _919365 |
||
| 245 |
_aDaaku / _csung by Chanchal ; Music by Shamji Ghanshaamji ; Lyrics by Chaman Lahori _h[sound recording] : |
||
| 246 | _aडाकू / | ||
| 260 |
_aDum Dum, India _bHis Master's Voice _c1975 |
||
| 300 |
_a1 sound disc [Gramophone Recording] : _banalog, 33 1/3 rpm ; _c7.5 in. (SP) _fGramaphone Records |
||
| 500 | _aBrief records | ||
| 500 | _aRecord Lables : His Master's Voice, Red | ||
| 505 | _aSide-1 कभी ग़म से दिल लगाया (Kabhi Gham Se Dil Lagaya) (Chanchal),--Side-2 तू आज अपने हाथ से (too Aaj Apne Haath Se) (Lata Mangeshkar) | ||
| 600 |
_aChanchal _919611 |
||
| 650 |
_2Excerpts. _aClassical Music _bIndia _919366 |
||
| 700 |
_a Ghanshaamji, Shamji _919948 |
||
| 700 |
_a Lahori, Chaman _919949 |
||
| 942 |
_2ddc _cGR |
||
| 999 |
_c45642 _d45642 |
||